Overcoming exclusion : social justice through education /

"In this Collected Works, Professor Peter Mittler brings together nineteen of his key writings in one essential volume, providing a distinctive commentary on some of the most important issues in education over the last thirty years. This unique collection illustrates the development of Professo...

Full description

Bibliographic Details
Main Author: Mittler, Peter J.
Corporate Author: ebrary, Inc
Format: eBook
Language:English
Published: New York : Routledge, 2013.
Series:World library of educationalists series.
Subjects:
Online Access:Connect to the full text of this electronic book

MARC

Tag First Indicator Second Indicator Subfields
LEADER 00000cam a2200000 a 4500
001 in00002781615
006 m d
007 cr cn|||||||||
008 120705s2013 nyu ob 001 0 eng d
005 20250816210106.6
010 |z  2012024058 
020 |z 9780415504188 
020 |z 9780203128503 (e-book) 
035 |a (CaPaEBR)ebr10596221 
040 |a CaPaEBR  |c CaPaEBR  |d UtOrBLW 
050 1 4 |a LC1200  |b .M84 2013eb 
082 0 4 |a 371.9/046  |2 23 
100 1 |a Mittler, Peter J. 
245 1 0 |a Overcoming exclusion :  |b social justice through education /  |c Peter Mittler. 
264 1 |a New York :  |b Routledge,  |c 2013. 
300 |a 1 online resource (xix, 251 pages) 
336 |a text  |b txt  |2 rdacontent 
337 |a computer  |b c  |2 rdamedia 
338 |a online resource  |b cr  |2 rdacarrier 
490 1 |a World library of educationalists series 
504 |a Includes bibliographical references and index. 
520 |a "In this Collected Works, Professor Peter Mittler brings together nineteen of his key writings in one essential volume, providing a distinctive commentary on some of the most important issues in education over the last thirty years. This unique collection illustrates the development of Professor Mittler's thinking over the course of a long and esteemed career, encompassing his work on the origins of under-achievement, the ways in which obstacles to learning can be understood and overcome and the importance of human rights for all marginalised minorities. It follows the thread of his growing awareness that human development depends on a series of complex interactions between the 'double helix' of nature and nurture. One of the world's most respected and eminent scholars of the field of special needs and inclusive education, Professor Mittler includes chapters from his best-selling books and selected articles from leading journals, providing the reader with a chronological and global perspective on his work and thinking, and the impact it had at and beyond the time of writing"--  |c Provided by publisher. 
500 |a Electronic resource. 
650 0 |a Inclusive education. 
650 0 |a Educational equalization. 
655 7 |a Electronic books.  |2 local 
710 2 |a ebrary, Inc. 
830 0 |a World library of educationalists series. 
856 4 0 |u https://ebookcentral.proquest.com/lib/tamucs/detail.action?docID=1016062  |y Connect to the full text of this electronic book  |t 0 
980 |a 120925  |b 160  |c USD  |e 160  |f YBP_EBR0000043082  |g 1 
999 f f |s ec47ccad-72fe-3762-a677-ab7d4c7cf683  |i e601c001-8900-3d5d-952d-3ad9e0fdf453  |t 0 
999 |a MARS 
952 f f |a Texas A&M University  |b College Station  |c Electronic Resources  |d Available Online  |t 0  |e LC1200 .M84 2013eb  |h Library of Congress classification 
998 f f |a LC1200 .M84 2013eb  |t 0  |l Available Online